000 00939nas a2200301 4500
001 BR0900468
003 BR-BrBNA
005 20231205113031.0
007 ta
008 230509b bl.|||p| |||| 00| 00por d
040 _aBR-BrBNA
_bpor
_cBiblioteca Nacional de Agricultura
041 _a(Pt)
072 _aL01; L51
100 1 _aMedeiros, L.F.D.
100 1 _aVieira, D.H.
100 1 _aQuintanilha, J.R.
100 1 _aPereira, B.M.
100 1 _aCabral Neto, O.
100 1 _aRossi, C.S.
245 1 _aObservações sobre o comportamento apresentado por caprinos confinados da raça anglo-nubiana alimentados com silagem ou feno
650 _aCAPRINO
650 _aRUMINAÇÃO
650 _aSILAGEM
650 _aFENO
773 0 _tRevista Brasileira de Medicina Veterinária (Brazil)
_xISSN 0100-2430
_g(Apr-Jun 2005), v. 27(2) p. 40-46
_wBR0900468
909 _a202311
_bLúcia
_c55
_dLúcia Elande
942 _2AGRIS
_n0
_cANA
999 _c201452
_d201452